000 00291nam a2200109Ia 4500
008 200302s9999 xx 000 0 und d
100 _aGil L. Taylor
245 _aConstruction Codes & Inspection Handbook
260 _bMcgraw- hill International Book co.,
260 _c2006
300 _a638 P.,
999 _c5037
_d5037